000 00362nam a22001457a 4500
003 SGT
020 _a9789386456403
082 _a342.0954
_bSIN
100 _aSINGH , JAI S
245 _aTHE CONSTITUTIONAL LAW OF INDIA
_bCASES AND MATERIALS
250 _a1
260 _aALLAHABAD
_bCENTRAL LAW PUBLICATION
_c2018
300 _aLLL , 1147
942 _2ddc
_cBK
_01
999 _c23006
_d23006